000
00314nam a2200133Ia 4500
005
20260328101516.0
008
260328s9999||||xx |||||||||||||| ||und||
100
_a
Laborit, Henri
245
0
_a
L'Homme et la ville /
_c
Henri Laborit
260
_b
Flammarion
300
_a
215 p.
650
_a
URBANISMO
942
_c
BK
999
_c
9395
_d
9395